| 000 | 00412nam a2200157Ia 4500 | ||
|---|---|---|---|
| 005 | 20240807062201.0 | ||
| 008 | 240806s9999||||xx |||||||||||||| ||eng|| | ||
| 041 | _aeng | ||
| 082 |
_a294.59215 _bGHILA |
||
| 100 | _aGhildiyal Dr. Achyutanand | ||
| 245 | 0 |
_aArthaved ka samajik mahatva / _cGhildiyal Dr. Achyutanand |
|
| 260 | _bBharateey Vidhya Varanashi | ||
| 300 | _a135 | ||
| 650 | _aSanskrit | ||
| 942 | _cBK | ||
| 999 |
_c11006 _d11006 |
||